ពពកដ៏អស្ចារ្យនៅលើភ្នំបូកគោ​ : (Record no. 9145)

MARC details
000 -LEADER
fixed length control field 02132nam a22002417a 4500
001 - CONTROL NUMBER
control field 9145
003 - CONTROL NUMBER IDENTIFIER
control field FISKH
005 - DATE AND TIME OF LATEST TRANSACTION
control field 20251125151249.0
008 - FIXED-LENGTH DATA ELEMENTS--GENERAL INFORMATION
fixed length control field 251125b cb ||||| |||| 00| 0 eng d
020 ## - INTERNATIONAL STANDARD BOOK NUMBER
International Standard Book Number 2007050012975
040 ## - CATALOGING SOURCE
Original cataloging agency FISKH
Language of cataloging khr
Transcribing agency FISKH
Modifying agency FISKH
082 ## - DEWEY DECIMAL CLASSIFICATION NUMBER
Classification number 839.833
100 ## - MAIN ENTRY--PERSONAL NAME
Personal name Parrot, Stephen
245 ## - TITLE STATEMENT
Title ពពកដ៏អស្ចារ្យនៅលើភ្នំបូកគោ​ :
Remainder of title Touching the clouds : A Bokor Story /
Statement of responsibility, etc. Story by Stephen Parrot
260 ## - PUBLICATION, DISTRIBUTION, ETC.
Place of publication, distribution, etc. Phnom Penh :
Name of publisher, distributor, etc. Save Cambodia's Wildlife ,
Date of publication, distribution, etc. 2004.
300 ## - PHYSICAL DESCRIPTION
Extent 36 pages :
Other physical details color illustrations ;
Dimensions 21 X 30 cm .
520 ## - SUMMARY, ETC.
Summary, etc. សៀវភៅនេះគឺជាស្នាដៃទី ៨របស់អង្កការសង្គ្រោះសត្វព្រៃ ដែលបង្កើតឡើងក្នុងគោលបំនងអោយប្អូនៗក៏ដូចជាមិត្តអ្នកអានទាំងអស់ចូលរួមក្នុងការការពារ អភិរក្ស ព្រៃឈើនិងសត្វព្រៃ ដែលជាសម្បត្តិធម្មជាតិដ៏ថ្លៃថ្លារបស់ប្រទេសយើង​ ។ ជាពិសេសការជួយថែរក្សាបរិស្ថាននៅជុំវិញភ្នំបូកគោ ព្រោះសព្វថ្ងៃនេះព្រៃឈើនិងសត្វព្រៃកំពុងតែបាត់បង់បន្តិចម្តងៗទៅហើយ ។
520 ## - SUMMARY, ETC.
Summary, etc. This book is the eighth publication of the “Save Cambodia’s Wildlife” organization. It was created with the goal of encouraging children as well as all readers to take part in protecting and conserving forests and wildlife, which are our nation’s precious natural resources. In particular, it aims to promote the preservation of the environment around Bokor Mountain, because today our forests and wildlife are gradually disappearing.
700 ## - ADDED ENTRY--PERSONAL NAME
Personal name Bondol
Relator term Illustrator
700 ## - ADDED ENTRY--PERSONAL NAME
Personal name Vutha , Tor
Relator term Illustrator
942 ## - ADDED ENTRY ELEMENTS (KOHA)
Source of classification or shelving scheme Dewey Decimal Classification
Koha item type Khmer Books
Suppress in OPAC No
Holdings
Withdrawn status Lost status Source of classification or shelving scheme Damaged status Not for loan Collection Home library Current library Shelving location Date acquired Total Checkouts Full call number Barcode Date last seen Price effective from Koha item type
    Dewey Decimal Classification     Khmer-English Bilingual / ភាសាខ្មែរ-អង់គ្លេស Footprints International School Library Network Toul Tom Poung Campus Footprints International School Library Network Toul Tom Poung Campus TTP Secondary Khmer Bookshelves 11/25/2025   PAR 839.833 2025-4902 11/25/2025 11/25/2025 Khmer Books